00410nam a2200121Ia 45000010005000000080041000050820024000461000039000702450089001092600048001989010027002469990015002733510241024s9999 xx 000 0 und d aRD/370.97293/AL445t aJose Nicolás Almánzar García 0aTrayectorua de la formación del docente dominicano, desde 1880 hasta el año 2000 bSecretaría de Estado de Educaciónc2008 a3/12/2013 1:16:48 p.m. c9167d9167